| 000 | 00441nam a22001697a 4500 | ||
|---|---|---|---|
| 003 | MPLRDC | ||
| 005 | 20220104123942.0 | ||
| 008 | 210129b ||||| |||| 00| 0 eng d | ||
| 020 | _a7-5065-3373-1 | ||
| 082 | _a782.886 MZD-41 v.2 | ||
| 100 | _a李捷、于俊道 主编 | ||
| 245 |
_a东方巨人毛泽东. 二卷 _c |
||
| 260 |
_a _b解放军出版社 _c |
||
| 300 | _b555 | ||
| 650 | _a毛泽东传记 | ||
| 942 |
_cBK _o782.886 MZD-41 v.2 |
||
| 999 |
_c15476 _d15466 |
||